[Event "DEM U18w 2025"]
[Site "Willingen GER"]
[Date "2025.06.11"]
[Round "5"]
[White "Neumann, Helena"]
[Black "Fock, Madiha"]
[Result "0-1"]
[Termination "normal"]
[Board "1"]
[WhiteTitle "WFM"]
[WhiteElo "2017"]
[BlackElo "1830"]
[WhiteClock "00:32:13"]
[BlackClock "00:18:10"]
[PlyCount "110"]
[WhiteFideId "16275365"]
[BlackFideId "16253574"]
[EventCountry "GER"]
[EventRounds "9"]
[EventType "swiss"]
[EventDate "2025.06.07"]

1. e4 {[%clk 01:30:58]} {[%emt 00:00:02]} c5 {[%clk 01:30:55]} {[%emt
00:00:05]} 2. Nf3 {[%clk 01:31:25]} {[%emt 00:00:04]} d6 {[%clk 01:31:19]}
{[%emt 00:00:06]} 3. Bb5+ {[%clk 01:31:51]} {[%emt 00:00:04]} Nd7 {[%clk
01:31:41]} {[%emt 00:00:08]} 4. a4 {[%clk 01:32:17]} {[%emt 00:00:04]} Ngf6
{[%clk 01:31:58]} {[%emt 00:00:12]} 5. Nc3 {[%clk 01:32:45]} {[%emt 00:00:03]}
e6 {[%clk 01:32:15]} {[%emt 00:00:13]} 6. O-O {[%clk 01:33:11]} {[%emt
00:00:04]} Be7 {[%clk 01:32:17]} {[%emt 00:00:28]} 7. d4 {[%clk 01:33:37]}
{[%emt 00:00:04]} cxd4 {[%clk 01:32:03]} {[%emt 00:00:44]} 8. Qxd4 {[%clk
01:34:03]} {[%emt 00:00:04]} a6 {[%clk 01:30:04]} {[%emt 00:02:29]} 9. Be2
{[%clk 01:34:27]} {[%emt 00:00:06]} Qc7 {[%clk 01:28:58]} {[%emt 00:01:35]} 10.
a5 {[%clk 01:33:01]} {[%emt 00:01:57]} O-O {[%clk 01:24:41]} {[%emt 00:04:47]}
11. Rd1 {[%clk 01:33:27]} {[%emt 00:00:03]} b6 {[%clk 01:17:25]} {[%emt
00:07:46]} 12. axb6 {[%clk 01:30:51]} {[%emt 00:03:07]} Nxb6 {[%clk 01:17:20]}
{[%emt 00:00:35]} 13. Be3 {[%clk 01:23:25]} {[%emt 00:07:55]} Nbd7 {[%clk
01:10:50]} {[%emt 00:07:01]} 14. Nd2 {[%clk 01:15:12]} {[%emt 00:08:43]} Bb7
{[%clk 01:00:37]} {[%emt 00:10:43]} 15. f3 {[%clk 01:10:39]} {[%emt 00:05:02]}
d5 {[%clk 00:55:53]} {[%emt 00:05:14]} 16. Qa4 {[%clk 01:03:55]} {[%emt
00:07:15]} Bd6 {[%clk 00:47:36]} {[%emt 00:08:46]} 17. Nf1 {[%clk 00:58:27]}
{[%emt 00:05:58]} dxe4 {[%clk 00:41:40]} {[%emt 00:06:26]} 18. fxe4 {[%clk
00:55:42]} {[%emt 00:03:15]} Nc5 {[%clk 00:38:24]} {[%emt 00:03:46]} 19. Qd4
{[%clk 00:40:50]} {[%emt 00:15:22]} Ncxe4 {[%clk 00:32:43]} {[%emt 00:06:12]}
20. Nxe4 {[%clk 00:39:25]} {[%emt 00:01:54]} Nxe4 {[%clk 00:33:04]} {[%emt
00:00:09]} 21. Bf3 {[%clk 00:29:33]} {[%emt 00:10:22]} Bc5 {[%clk 00:23:55]}
{[%emt 00:09:40]} 22. Qd7 {[%clk 00:27:02]} {[%emt 00:03:00]} Qb6 {[%clk
00:23:50]} {[%emt 00:00:35]} 23. Ra3 {[%clk 00:19:31]} {[%emt 00:08:01]} Rfd8
{[%clk 00:20:52]} {[%emt 00:03:28]} 24. Qa4 {[%clk 00:19:31]} {[%emt 00:00:29]}
Rxd1 {[%clk 00:18:02]} {[%emt 00:03:21]} 25. Bxd1 {[%clk 00:19:44]} {[%emt
00:00:17]} Nd2 {[%clk 00:16:33]} {[%emt 00:02:00]} 26. Bxc5 {[%clk 00:16:59]}
{[%emt 00:03:14]} Qxc5+ {[%clk 00:16:56]} {[%emt 00:00:08]} 27. Ne3 {[%clk
00:17:27]} {[%emt 00:00:02]} Bc6 {[%clk 00:14:22]} {[%emt 00:03:03]} 28. Qh4
{[%clk 00:14:43]} {[%emt 00:03:13]} Bb5 {[%clk 00:13:14]} {[%emt 00:01:39]} 29.
Rc3 {[%clk 00:13:36]} {[%emt 00:01:37]} Qb6 {[%clk 00:13:25]} {[%emt 00:00:19]}
30. Qe7 {[%clk 00:11:06]} {[%emt 00:02:59]} Nc4 {[%clk 00:11:08]} {[%emt
00:02:48]} 31. Kf2 {[%clk 00:11:16]} {[%emt 00:00:20]} Nxe3 {[%clk 00:10:06]}
{[%emt 00:01:31]} 32. Rxe3 {[%clk 00:11:38]} {[%emt 00:00:09]} Re8 {[%clk
00:09:29]} {[%emt 00:01:07]} 33. Qb4 {[%clk 00:11:37]} {[%emt 00:00:31]} Qc7
{[%clk 00:08:28]} {[%emt 00:01:32]} 34. Qe4 {[%clk 00:05:49]} {[%emt 00:06:18]}
h6 {[%clk 00:06:05]} {[%emt 00:02:52]} 35. c3 {[%clk 00:03:34]} {[%emt
00:02:45]} Bc6 {[%clk 00:05:23]} {[%emt 00:01:12]} 36. Qc4 {[%clk 00:03:44]}
{[%emt 00:00:20]} Qb7 {[%clk 00:04:42]} {[%emt 00:01:11]} 37. b4 {[%clk
00:03:29]} {[%emt 00:00:45]} Rd8 {[%clk 00:03:58]} {[%emt 00:01:14]} 38. Ke1
{[%clk 00:02:46]} {[%emt 00:01:13]} Bxg2 {[%clk 00:03:41]} {[%emt 00:00:46]}
39. Be2 {[%clk 00:02:51]} {[%emt 00:00:27]} Qb6 {[%clk 00:03:12]} {[%emt
00:00:59]} 40. Kf2 {[%clk 00:02:32]} {[%emt 00:00:49]} Bb7 {[%clk 00:02:41]}
{[%emt 00:01:00]} 41. Bd3 {[%clk 00:01:48]} {[%emt 00:01:13]} Rc8 {[%clk
00:27:05]} {[%emt 00:06:07]} 42. Qb3 {[%clk 00:31:44]} {[%emt 00:00:34]} Qd6
{[%clk 00:23:31]} {[%emt 00:04:04]} 43. Rg3 {[%clk 00:31:53]} {[%emt 00:00:21]}
Qf4+ {[%clk 00:23:19]} {[%emt 00:00:42]} 44. Ke1 {[%clk 00:30:53]} {[%emt
00:01:31]} Qc1+ {[%clk 00:18:55]} {[%emt 00:04:53]} 45. Ke2 {[%clk 00:31:18]}
{[%emt 00:00:05]} Bd5 {[%clk 00:18:03]} {[%emt 00:01:22]} 46. Qd1 {[%clk
00:30:27]} {[%emt 00:01:20]} Rxc3 {[%clk 00:17:24]} {[%emt 00:01:09]} 47. Qxc1
{[%clk 00:29:49]} {[%emt 00:01:09]} Rxc1 {[%clk 00:17:49]} {[%emt 00:00:05]}
48. Bxa6 {[%clk 00:30:13]} {[%emt 00:00:06]} Rc2+ {[%clk 00:17:59]} {[%emt
00:00:19]} 49. Kd3 {[%clk 00:30:40]} {[%emt 00:00:04]} Rxh2 {[%clk 00:18:22]}
{[%emt 00:00:08]} 50. b5 {[%clk 00:30:55]} {[%emt 00:00:14]} Rb2 {[%clk
00:18:22]} {[%emt 00:00:29]} 51. Kd4 {[%clk 00:31:20]} {[%emt 00:00:06]} f5
{[%clk 00:17:20]} {[%emt 00:01:32]} 52. Kc5 {[%clk 00:31:43]} {[%emt 00:00:06]}
f4 {[%clk 00:17:39]} {[%emt 00:00:11]} 53. Rd3 {[%clk 00:32:10]} {[%emt
00:00:05]} f3 {[%clk 00:17:47]} {[%emt 00:00:21]} 54. b6 {[%clk 00:32:36]}
{[%emt 00:00:04]} f2 {[%clk 00:18:06]} {[%emt 00:00:11]} 55. Rd1 {[%clk
00:32:13]} {[%emt 00:00:53]} h5 {[%clk 00:18:10]} {[%emt 00:00:25]} 0-1

[Event "DEM U18w 2025"]
[Site "Willingen GER"]
[Date "2025.06.11"]
[Round "5"]
[White "Sereda, Yaroslava"]
[Black "Heidemann, Nora"]
[Result "0-1"]
[Termination "normal"]
[Board "2"]
[WhiteTitle "WFM"]
[WhiteElo "2107"]
[BlackElo "1851"]
[WhiteClock "00:01:01"]
[BlackClock "00:01:39"]
[PlyCount "203"]
[WhiteFideId "14178940"]
[BlackFideId "34609253"]
[EventCountry "GER"]
[EventRounds "9"]
[EventType "swiss"]
[EventDate "2025.06.07"]

1. e4 {[%clk 01:30:58]} {[%emt 00:00:02]} c5 {[%clk 01:30:55]} {[%emt
00:00:05]} 2. Nf3 {[%clk 01:31:23]} {[%emt 00:00:05]} g6 {[%clk 01:31:21]}
{[%emt 00:00:05]} 3. d4 {[%clk 01:31:36]} {[%emt 00:00:17]} cxd4 {[%clk
01:31:45]} {[%emt 00:00:05]} 4. Nxd4 {[%clk 01:32:01]} {[%emt 00:00:05]} Nc6
{[%clk 01:32:10]} {[%emt 00:00:06]} 5. c4 {[%clk 01:32:18]} {[%emt 00:00:12]}
Nf6 {[%clk 01:32:35]} {[%emt 00:00:05]} 6. Nc3 {[%clk 01:32:42]} {[%emt
00:00:06]} Nxd4 {[%clk 01:33:01]} {[%emt 00:00:04]} 7. Qxd4 {[%emt 00:00:12]}
d6 {[%clk 01:33:28]} {[%emt 00:00:01]} 8. f3 {[%clk 01:33:10]} {[%emt
00:00:22]} Bg7 {[%clk 01:33:53]} {[%emt 00:00:06]} 9. Be3 {[%clk 01:33:29]}
{[%emt 00:00:09]} O-O {[%clk 01:34:17]} {[%emt 00:00:07]} 10. Qd2 {[%clk
01:33:53]} {[%emt 00:00:06]} a5 {[%clk 01:34:43]} {[%emt 00:00:04]} 11. b3
{[%clk 01:33:47]} {[%emt 00:00:36]} a4 {[%clk 01:32:58]} {[%emt 00:02:16]} 12.
b4 {[%clk 01:33:58]} {[%emt 00:00:18]} Be6 {[%clk 01:32:34]} {[%emt 00:00:54]}
13. Rc1 {[%clk 01:32:28]} {[%emt 00:02:00]} Qd7 {[%clk 01:27:17]} {[%emt
00:05:46]} 14. Be2 {[%clk 01:22:41]} {[%emt 00:10:17]} Rfc8 {[%clk 01:19:54]}
{[%emt 00:07:54]} 15. Nb5 {[%clk 01:11:21]} {[%emt 00:11:50]} Qe8 {[%clk
01:15:56]} {[%emt 00:04:28]} 16. O-O {[%clk 01:08:45]} {[%emt 00:03:06]} Nd7
{[%clk 01:15:14]} {[%emt 00:01:12]} 17. Na3 {[%clk 00:56:39]} {[%emt 00:12:36]}
Rc6 {[%clk 01:07:55]} {[%emt 00:07:48]} 18. f4 {[%clk 00:52:41]} {[%emt
00:04:29]} Nf6 {[%clk 01:00:27]} {[%emt 00:07:58]} 19. Bf3 {[%clk 00:49:30]}
{[%emt 00:03:40]} Rac8 {[%clk 00:57:24]} {[%emt 00:03:34]} 20. e5 {[%clk
00:35:04]} {[%emt 00:14:56]} dxe5 {[%clk 00:57:17]} {[%emt 00:00:37]} 21. fxe5
{[%clk 00:34:41]} {[%emt 00:00:53]} Ng4 {[%clk 00:56:49]} {[%emt 00:00:57]} 22.
Bxc6 {[%clk 00:32:49]} {[%emt 00:02:22]} Qxc6 {[%clk 00:56:15]} {[%emt
00:01:05]} 23. Nb5 {[%clk 00:21:48]} {[%emt 00:11:30]} Qe4 {[%clk 00:53:23]}
{[%emt 00:03:21]} 24. Bf4 {[%clk 00:19:31]} {[%emt 00:02:48]} Bxe5 {[%clk
00:46:59]} {[%emt 00:06:55]} 25. Bxe5 {[%clk 00:18:33]} {[%emt 00:01:28]} Qxe5
{[%clk 00:47:01]} {[%emt 00:00:28]} 26. Qf4 {[%clk 00:07:47]} {[%emt 00:11:16]}
Rxc4 {[%clk 00:42:26]} {[%emt 00:05:05]} 27. Qxe5 {[%clk 00:07:06]} {[%emt
00:01:11]} Nxe5 {[%clk 00:42:38]} {[%emt 00:00:18]} 28. a3 {[%clk 00:04:43]}
{[%emt 00:02:54]} Kg7 {[%clk 00:37:16]} {[%emt 00:05:51]} 29. Nc7 {[%clk
00:03:35]} {[%emt 00:01:38]} Bf5 {[%clk 00:36:20]} {[%emt 00:01:25]} 30. Nd5
{[%clk 00:02:50]} {[%emt 00:01:17]} Be6 {[%clk 00:34:10]} {[%emt 00:02:38]} 31.
Nb6 {[%clk 00:02:11]} {[%emt 00:01:09]} Rg4 {[%clk 00:27:51]} {[%emt 00:06:48]}
32. Rc7 {[%clk 00:01:59]} {[%emt 00:00:44]} Nc4 {[%clk 00:26:13]} {[%emt
00:02:07]} 33. Nxa4 {[%clk 00:01:15]} {[%emt 00:01:14]} Nxa3 {[%clk 00:26:23]}
{[%emt 00:00:20]} 34. Rxe7 {[%clk 00:01:09]} {[%emt 00:00:36]} Bd5 {[%clk
00:24:35]} {[%emt 00:02:18]} 35. g3 {[%clk 00:00:57]} {[%emt 00:00:42]} Rxb4
{[%clk 00:24:05]} {[%emt 00:01:00]} 36. Nc3 {[%clk 00:01:19]} {[%emt 00:00:08]}
Be6 {[%clk 00:23:55]} {[%emt 00:00:40]} 37. Ra1 {[%clk 00:00:48]} {[%emt
00:01:02]} Nc4 {[%clk 00:21:55]} {[%emt 00:02:29]} 38. Rb1 {[%clk 00:00:52]}
{[%emt 00:00:27]} Rxb1+ {[%clk 00:21:44]} {[%emt 00:00:41]} 39. Nxb1 {[%clk
00:01:21]} {[%emt 00:00:01]} Nd6 {[%emt 00:03:07]} 40. Kf2 {[%clk 00:00:45]}
{[%emt 00:01:04]} Kf6 {[%clk 00:19:24]} {[%emt 00:00:15]} 41. Rc7 {[%clk
00:01:02]} {[%emt 00:00:12]} Ke5 {[%clk 00:19:13]} {[%emt 00:00:41]} 42. Nd2
{[%clk 00:28:15]} {[%emt 00:03:18]} b5 {[%clk 00:44:52]} {[%emt 00:04:51]} 43.
Nf3+ {[%clk 00:25:42]} {[%emt 00:03:02]} Kd5 {[%clk 00:43:25]} {[%emt
00:01:57]} 44. Ke3 {[%clk 00:21:35]} {[%emt 00:04:37]} b4 {[%clk 00:20:08]}
{[%emt 00:23:47]} 45. Nd2 {[%clk 00:13:06]} {[%emt 00:08:59]} Nf5+ {[%clk
00:17:22]} {[%emt 00:03:17]} 46. Kd3 {[%clk 00:12:32]} {[%emt 00:01:04]} Nd4
{[%clk 00:17:10]} {[%emt 00:00:41]} 47. Ne4 {[%clk 00:07:49]} {[%emt 00:05:14]}
Nc6 {[%clk 00:16:07]} {[%emt 00:01:33]} 48. Nf6+ {[%clk 00:06:25]} {[%emt
00:01:53]} Kd6 {[%clk 00:15:59]} {[%emt 00:00:38]} 49. Ne8+ {[%clk 00:06:19]}
{[%emt 00:00:37]} Kc5 {[%clk 00:15:52]} {[%emt 00:00:35]} 50. Nf6 {[%clk
00:05:25]} {[%emt 00:01:25]} Kb6 {[%clk 00:15:47]} {[%emt 00:00:34]} 51. Ne8
{[%clk 00:05:37]} {[%emt 00:00:20]} Bd7 {[%clk 00:13:33]} {[%emt 00:02:44]} 52.
Rxd7 {[%clk 00:05:50]} {[%emt 00:00:17]} Ne5+ {[%clk 00:13:57]} {[%emt
00:00:05]} 53. Kd4 {[%clk 00:06:07]} {[%emt 00:00:13]} Nxd7 {[%clk 00:14:12]}
{[%emt 00:00:15]} 54. Nd6 {[%clk 00:05:55]} {[%emt 00:00:42]} f6 {[%clk
00:13:25]} {[%emt 00:01:18]} 55. Kc4 {[%clk 00:02:55]} {[%emt 00:03:30]} Ka5
{[%clk 00:13:31]} {[%emt 00:00:23]} 56. Kb3 {[%clk 00:02:42]} {[%emt 00:00:43]}
Ne5 {[%clk 00:12:40]} {[%emt 00:01:21]} 57. Ne4 {[%clk 00:02:43]} {[%emt
00:00:30]} f5 {[%clk 00:12:39]} {[%emt 00:00:30]} 58. Nf6 {[%clk 00:02:51]}
{[%emt 00:00:22]} h5 {[%clk 00:12:35]} {[%emt 00:00:34]} 59. Nd5 {[%clk
00:03:06]} {[%emt 00:00:15]} Nf3 {[%clk 00:11:29]} {[%emt 00:01:35]} 60. Nxb4
{[%clk 00:01:10]} {[%emt 00:02:26]} Nxh2 {[%clk 00:11:47]} {[%emt 00:00:12]}
61. Nc6+ {[%clk 00:01:33]} {[%emt 00:00:08]} Kb6 {[%clk 00:11:51]} {[%emt
00:00:26]} 62. Ne7 {[%clk 00:01:45]} {[%emt 00:00:18]} Nf1 {[%clk 00:07:47]}
{[%emt 00:04:34]} 63. Nxg6 {[%clk 00:02:00]} {[%emt 00:00:16]} Nxg3 {[%clk
00:08:11]} {[%emt 00:00:06]} 64. Kc4 {[%clk 00:02:18]} {[%emt 00:00:12]} Kc6
{[%clk 00:07:59]} {[%emt 00:00:41]} 65. Kd4 {[%clk 00:02:26]} {[%emt 00:00:22]}
Kd6 {[%clk 00:08:21]} {[%emt 00:00:07]} 66. Ke3 {[%clk 00:02:28]} {[%emt
00:00:29]} Ke6 {[%clk 00:08:29]} {[%emt 00:00:23]} 67. Kf3 {[%clk 00:00:57]}
{[%emt 00:02:01]} Kf6 {[%clk 00:08:36]} {[%emt 00:00:22]} 68. Nh4 {[%clk
00:00:51]} {[%emt 00:00:36]} Ne4 {[%clk 00:07:04]} {[%emt 00:02:02]} 69. Kf4
{[%clk 00:01:15]} {[%emt 00:00:06]} Nd6 {[%clk 00:07:13]} {[%emt 00:00:22]} 70.
Ng2 {[%clk 00:01:22]} {[%emt 00:00:23]} Ne8 {[%clk 00:07:22]} {[%emt 00:00:19]}
71. Nh4 {[%clk 00:01:25]} {[%emt 00:00:27]} Ng7 {[%clk 00:07:42]} {[%emt
00:00:10]} 72. Nf3 {[%clk 00:00:56]} {[%emt 00:00:59]} Ne6+ {[%clk 00:08:11]}
{[%emt 00:00:02]} 73. Kg3 {[%clk 00:01:19]} {[%emt 00:00:07]} f4+ {[%clk
00:07:54]} {[%emt 00:00:47]} 74. Kh4 {[%clk 00:01:26]} {[%emt 00:00:23]} Ng7
{[%clk 00:08:06]} {[%emt 00:00:17]} 75. Kh3 {[%clk 00:00:54]} {[%emt 00:01:03]}
Kf5 {[%clk 00:08:20]} {[%emt 00:00:17]} 76. Nd2 {[%clk 00:01:16]} {[%emt
00:00:07]} Ne8 {[%clk 00:08:26]} {[%emt 00:00:23]} 77. Kh4 {[%clk 00:01:26]}
{[%emt 00:00:21]} Nf6 {[%clk 00:08:47]} {[%emt 00:00:10]} 78. Nf1 {[%clk
00:00:43]} {[%emt 00:01:12]} Kg6 {[%clk 00:07:42]} {[%emt 00:01:35]} 79. Nd2
{[%clk 00:00:59]} {[%emt 00:00:14]} Ng8 {[%clk 00:07:23]} {[%emt 00:00:48]} 80.
Nf3 {[%clk 00:01:11]} {[%emt 00:00:18]} Nf6 {[%clk 00:05:26]} {[%emt 00:02:27]}
81. Nd4 {[%clk 00:01:07]} {[%emt 00:00:35]} Ne4 {[%clk 00:03:30]} {[%emt
00:02:26]} 82. Nf3 {[%clk 00:01:07]} {[%emt 00:00:30]} Ng3 {[%clk 00:03:36]}
{[%emt 00:00:24]} 83. Kh3 {[%clk 00:00:39]} {[%emt 00:00:58]} Kf5 {[%clk
00:04:04]} {[%emt 00:00:02]} 84. Kg2 {[%clk 00:00:37]} {[%emt 00:00:32]} Ke4
{[%clk 00:04:06]} {[%emt 00:00:27]} 85. Kf2 {[%clk 00:00:50]} {[%emt 00:00:18]}
Nf5 {[%clk 00:03:21]} {[%emt 00:01:15]} 86. Ng5+ {[%clk 00:01:07]} {[%emt
00:00:13]} Ke5 {[%clk 00:03:09]} {[%emt 00:00:42]} 87. Nf3+ {[%clk 00:01:17]}
{[%emt 00:00:20]} Kd5 {[%clk 00:03:19]} {[%emt 00:00:19]} 88. Ng5 {[%clk
00:00:49]} {[%emt 00:00:59]} Nh4 {[%clk 00:03:21]} {[%emt 00:00:27]} 89. Nh3
{[%clk 00:00:49]} {[%emt 00:00:32]} Ke4 {[%clk 00:03:37]} {[%emt 00:00:13]} 90.
Ng5+ {[%clk 00:00:46]} {[%emt 00:00:33]} Kf5 {[%clk 00:03:58]} {[%emt
00:00:09]} 91. Nf7 {[%clk 00:00:50]} {[%emt 00:00:25]} Ng6 {[%clk 00:03:35]}
{[%emt 00:00:54]} 92. Nd6+ {[%clk 00:00:47]} {[%emt 00:00:33]} Kg4 {[%clk
00:03:03]} {[%emt 00:01:01]} 93. Ne4 {[%clk 00:00:45]} {[%emt 00:00:34]} Ne5
{[%clk 00:02:53]} {[%emt 00:00:39]} 94. Nf6+ {[%clk 00:00:58]} {[%emt
00:00:17]} Kg5 {[%clk 00:03:06]} {[%emt 00:00:16]} 95. Ne4+ {[%clk 00:01:10]}
{[%emt 00:00:20]} Kg6 {[%clk 00:03:04]} {[%emt 00:00:32]} 96. Kg2 {[%clk
00:01:02]} {[%emt 00:00:37]} Kf5 {[%clk 00:02:28]} {[%emt 00:01:06]} 97. Nf2
{[%clk 00:00:50]} {[%emt 00:00:43]} Ng4 {[%clk 00:02:44]} {[%emt 00:00:13]} 98.
Nh3 {[%clk 00:00:57]} {[%emt 00:00:23]} h4 {[%clk 00:02:28]} {[%emt 00:00:46]}
99. Ng1 {[%clk 00:01:10]} {[%emt 00:00:17]} Ne5 {[%clk 00:02:16]} {[%emt
00:00:42]} 100. Kh3 {[%clk 00:01:02]} {[%emt 00:00:38]} Ng6 {[%clk 00:01:22]}
{[%emt 00:01:24]} 101. Nf3 {[%clk 00:01:01]} {[%emt 00:00:32]} Ke4 {[%clk
00:01:39]} {[%emt 00:00:12]} 102. Ng5+ {[%clk 00:01:01]} {[%emt 00:00:30]} Ke3
{[%clk 00:02:01]} {[%emt 00:00:07]} 103. Kg4 {[%clk 00:00:37]} {[%emt
00:00:55]} Ke2 {[%clk 00:01:57]} {[%emt 00:00:33]} 104. Nh3 {[%clk 00:00:46]}
{[%emt 00:00:22]} Kf1 {[%clk 00:01:52]} {[%emt 00:00:34]} 105. Kh5 {[%clk
00:00:52]} {[%emt 00:00:24]} f3 {[%clk 00:01:52]} {[%emt 00:00:31]} 106. Kxg6
{[%clk 00:00:45]} {[%emt 00:00:36]} Kg2 {[%clk 00:02:15]} {[%emt 00:00:08]}
107. Nf4+ {[%clk 00:01:01]} {[%emt 00:00:14]} Kg3 {[%clk 00:02:22]} {[%emt
00:00:22]} 108. Nh5+ {[%clk 00:01:04]} {[%emt 00:00:28]} Kh2 {[%clk 00:02:42]}
{[%emt 00:00:11]} 109. Nf6 {[%clk 00:01:06]} {[%emt 00:00:28]} f2 {[%clk
00:02:53]} {[%emt 00:00:17]} 110. Ng4+ {[%clk 00:01:33]} {[%emt 00:00:05]} Kg1
{[%clk 00:03:11]} {[%emt 00:00:12]} 0-1

[Event "DEM U18w 2025"]
[Site "Willingen GER"]
[Date "2025.06.11"]
[Round "5"]
[White "Bursan, Ana-Maria"]
[Black "Bräutigam, Katerina"]
[Result "1-0"]
[Termination "normal"]
[Board "3"]
[BlackTitle "WFM"]
[WhiteElo "1894"]
[BlackElo "2095"]
[WhiteClock "00:05:46"]
[BlackClock "00:00:58"]
[PlyCount "77"]
[WhiteFideId "34620150"]
[BlackFideId "16242980"]
[EventCountry "GER"]
[EventRounds "9"]
[EventType "swiss"]
[EventDate "2025.06.07"]

1. e4 {[%clk 01:30:57]} {[%emt 00:00:03]} e6 {[%clk 01:30:57]} {[%emt
00:00:04]} 2. b3 {[%clk 01:31:19]} {[%emt 00:00:08]} d5 {[%clk 01:31:20]}
{[%emt 00:00:07]} 3. Bb2 {[%clk 01:31:40]} {[%emt 00:00:09]} dxe4 {[%clk
01:26:37]} {[%emt 00:05:13]} 4. Nc3 {[%clk 01:31:49]} {[%emt 00:00:21]} f5
{[%clk 01:21:40]} {[%emt 00:05:27]} 5. f3 {[%clk 01:27:52]} {[%emt 00:04:26]}
Nf6 {[%clk 00:59:01]} {[%emt 00:23:09]} 6. fxe4 {[%clk 01:21:23]} {[%emt
00:06:59]} Bc5 {[%clk 00:40:08]} {[%emt 00:19:23]} 7. Qe2 {[%clk 01:08:51]}
{[%emt 00:13:02]} O-O {[%clk 00:34:23]} {[%emt 00:06:15]} 8. O-O-O {[%clk
01:00:40]} {[%emt 00:08:41]} Nc6 {[%clk 00:22:54]} {[%emt 00:12:00]} 9. exf5
{[%clk 00:49:31]} {[%emt 00:11:39]} Bxg1 {[%clk 00:21:59]} {[%emt 00:01:24]}
10. Rxg1 {[%clk 00:47:50]} {[%emt 00:02:11]} exf5 {[%clk 00:21:28]} {[%emt
00:01:01]} 11. Qc4+ {[%clk 00:42:14]} {[%emt 00:06:06]} Kh8 {[%clk 00:21:49]}
{[%emt 00:00:10]} 12. d4 {[%clk 00:41:38]} {[%emt 00:01:05]} Ng4 {[%clk
00:19:22]} {[%emt 00:02:57]} 13. d5 {[%clk 00:25:40]} {[%emt 00:16:28]} Ne3
{[%clk 00:09:22]} {[%emt 00:10:30]} 14. dxc6 {[%clk 00:21:34]} {[%emt
00:04:37]} Qg5 {[%clk 00:08:37]} {[%emt 00:01:14]} 15. h4 {[%clk 00:19:41]}
{[%emt 00:02:24]} Qh6 {[%clk 00:07:55]} {[%emt 00:01:11]} 16. Qc5 {[%clk
00:16:53]} {[%emt 00:03:19]} Nxd1+ {[%clk 00:06:48]} {[%emt 00:01:36]} 17. Kxd1
{[%clk 00:17:20]} {[%emt 00:00:03]} Rd8+ {[%clk 00:03:02]} {[%emt 00:04:16]}
18. Bd3 {[%clk 00:17:43]} {[%emt 00:00:07]} bxc6 {[%clk 00:02:31]} {[%emt
00:01:02]} 19. Bc1 {[%clk 00:13:47]} {[%emt 00:04:26]} Qxh4 {[%clk 00:01:18]}
{[%emt 00:01:41]} 20. Qxc6 {[%clk 00:13:40]} {[%emt 00:00:38]} f4 {[%clk
00:00:34]} {[%emt 00:01:15]} 21. Bd2 {[%clk 00:10:57]} {[%emt 00:03:12]} Qf2
{[%clk 00:00:34]} {[%emt 00:00:31]} 22. Rf1 {[%clk 00:09:32]} {[%emt 00:01:55]}
Qg3 {[%clk 00:00:32]} {[%emt 00:00:31]} 23. Qe4 {[%clk 00:09:33]} {[%emt
00:00:29]} Bg4+ {[%clk 00:00:32]} {[%emt 00:00:31]} 24. Kc1 {[%clk 00:09:49]}
{[%emt 00:00:14]} Qh4 {[%clk 00:00:34]} {[%emt 00:00:27]} 25. g3 {[%clk
00:08:46]} {[%emt 00:01:33]} fxg3 {[%clk 00:00:34]} {[%emt 00:00:30]} 26. Rh1
{[%clk 00:08:51]} {[%emt 00:00:26]} g2 {[%clk 00:00:39]} {[%emt 00:00:25]} 27.
Qxg2 {[%clk 00:09:05]} {[%emt 00:00:16]} Qf6 {[%clk 00:00:33]} {[%emt
00:00:36]} 28. Qxg4 {[%clk 00:09:00]} {[%emt 00:00:34]} h6 {[%clk 00:00:40]}
{[%emt 00:00:24]} 29. Qe4 {[%clk 00:09:08]} {[%emt 00:00:21]} Rxd3 {[%clk
00:00:38]} {[%emt 00:00:32]} 30. cxd3 {[%clk 00:08:40]} {[%emt 00:00:58]} Rd8
{[%clk 00:00:43]} {[%emt 00:00:25]} 31. Kc2 {[%clk 00:07:39]} {[%emt 00:01:31]}
Rd4 {[%clk 00:00:34]} {[%emt 00:00:39]} 32. Qe3 {[%clk 00:05:58]} {[%emt
00:02:11]} Rd8 {[%clk 00:00:32]} {[%emt 00:00:33]} 33. Ne4 {[%clk 00:05:25]}
{[%emt 00:01:03]} Qa6 {[%clk 00:00:34]} {[%emt 00:00:27]} 34. a4 {[%clk
00:04:56]} {[%emt 00:00:59]} Kg8 {[%clk 00:00:33]} {[%emt 00:00:31]} 35. Bc3
{[%clk 00:05:06]} {[%emt 00:00:20]} Rf8 {[%clk 00:00:33]} {[%emt 00:00:30]} 36.
Rg1 {[%clk 00:05:19]} {[%emt 00:00:17]} g5 {[%clk 00:00:33]} {[%emt 00:00:31]}
37. Qd4 {[%clk 00:05:18]} {[%emt 00:00:30]} Qg6 {[%clk 00:00:32]} {[%emt
00:00:31]} 38. Qh8+ {[%clk 00:05:27]} {[%emt 00:00:20]} Kf7 {[%clk 00:00:58]}
{[%emt 00:00:05]} 39. Rf1+ {[%clk 00:05:46]} {[%emt 00:00:11]} 1-0